Morocco : The Sub-Saharan Expansion of Moroccan Banks: Challenges and Opportunities.

This Selected Issues paper presents an overview of the cross-border expansion of Moroccan banks in sub-Saharan Africa (SSA). It discusses policies to minimize possible negative spillovers and address the main supervisory challenges. It builds on the analysis and main results of a Pan-African Cross-B...

Fuld beskrivelse

Bibliografiske detaljer
Institution som forfatter: International Monetary Fund. Middle East and Central Asia Dept
Format: Tidsskrift
Sprog:English
Udgivet: Washington, D.C. : International Monetary Fund, 2015.
Serier:IMF Staff Country Reports; Country Report ; No. 2015/106
Fag:
Online adgang:Full text available on IMF
LEADER 01881cas a2200253 a 4500
001 AALejournalIMF015185
008 230101c9999 xx r poo 0 0eng d
020 |c 5.00 USD 
020 |z 9781475534429 
022 |a 1934-7685 
040 |a BD-DhAAL  |c BD-DhAAL 
110 2 |a International Monetary Fund.  |b Middle East and Central Asia Dept. 
245 1 0 |a Morocco :   |b The Sub-Saharan Expansion of Moroccan Banks: Challenges and Opportunities. 
264 1 |a Washington, D.C. :  |b International Monetary Fund,  |c 2015. 
300 |a 1 online resource (16 pages) 
490 1 |a IMF Staff Country Reports 
500 |a <strong>Off-Campus Access:</strong> No User ID or Password Required 
500 |a <strong>On-Campus Access:</strong> No User ID or Password Required 
506 |a Electronic access restricted to authorized BRAC University faculty, staff and students 
520 3 |a This Selected Issues paper presents an overview of the cross-border expansion of Moroccan banks in sub-Saharan Africa (SSA). It discusses policies to minimize possible negative spillovers and address the main supervisory challenges. It builds on the analysis and main results of a Pan-African Cross-Border Exercise-a joint initiative by the IMF's African and Monetary and Capital Markets departments, with the collaboration of the Middle East and Central Asia department. It highlights that that Morocco could play an instrumental role by providing technical assistance to other supervisors in the region, and the SSA region may benefit from the Moroccan experience of good practices in many areas and relatively advanced supervisory capacity. 
538 |a Mode of access: Internet 
651 7 |a Morocco  |2 imf 
830 0 |a IMF Staff Country Reports; Country Report ;  |v No. 2015/106 
856 4 0 |z Full text available on IMF  |u http://elibrary.imf.org/view/journals/002/2015/106/002.2015.issue-106-en.xml  |z IMF e-Library